Books of the Bible by Clue #2 - Statistics

General Stats
  • This quiz has been taken 110 times
  • The average score is 12 of 15
Answer Stats
Clues Book % Correct
Flood, Babel, Patriarchs Genesis
96%
Water to Wine, Nicodemus, Lazarus John
94%
Statue, Furnace, Lions Daniel
93%
Gospel, Doorkeeper, Blind Man Mark
86%
Laws, Tabernacle, Levites Leviticus
82%
Patmos, Prophecy, Apocalyptic Revelation
82%
Jericho, Rahab, Canaan Joshua
80%
Solomon, Wisdom, "Trust in the Lord" Proverbs
78%
Moab, Family, Boaz Ruth
75%
"Love is Patient", "Your Body is a Temple", Epistle 1 Corinthians
72%
King David, Bathsheba, Absalom 2 Samuel
71%
"All Have Sinned", "The Wages of Sin", Epistle Romans
67%
The Teacher, "A Time for Everything", "Everything is Meaningless" Ecclesiastes
65%
"Send Me", Prophecy, Jesus Isaiah
63%
Suffering, Boils, Eliphaz Job
58%
No matching quizzes found
Score Distribution
Percent of People with Each Score
Percentile by Number Answered
Your Score History
You have not taken this quiz